[Event "6th Foxwoods Open"]
[Site "Connecticut USA"]
[Date "2004.04.09"]
[Round "5"]
[White "Winer,S"]
[Black "Boor,C"]
[Result "1-0"]
[WhiteElo "2335"]
[BlackElo "2166"]

1.d4 d5 2.c4 dxc4 3.Nf3 a6 4.e3 e6 5.Bxc4 c5 6.O-O Nf6 7.dxc5 Qxd1 8.Rxd1 Bxc5
9.Be2 Nc6 10.Nbd2 Ke7 11.b3 b6 12.Ne1 Rd8 13.Nd3 Bd6 14.Nc4 Bc7 15.Ba3+ Ke8
16.Bf3 Bb7 17.Nb4 Na5 18.Rxd8+ Kxd8 19.Rd1+ Ke8 20.Nd6+ Bxd6 21.Rxd6 Bxf3
22.gxf3 Nd7 23.f4 Rc8 24.Nxa6 Rc2 25.Nb4 Rc5 26.Rd2 Nb7 27.Rc2 Rxc2 28.Nxc2 Ndc5
29.Kf1 Kd7 30.Ke2 Ne4 31.Bb2 f6 32.Nb4 Na5 33.f3 Nd6 34.e4 Nc8 35.Nc2 Ne7
36.Nd4 g6 37.Kd3 Nb7 38.b4 Nd8 39.a4 Nb7 40.Nb5 Nc6 41.Kc4 f5 42.Bd4 Nxd4
43.Nxd4 Nd6+ 44.Kd3 Ne8 45.a5 bxa5 46.bxa5 Nd6 47.a6 Kc7 48.Nxe6+ Kb6 49.Nf8 Kxa6
50.Nxh7 Nf7 51.Kd4 Kb7 52.Kd5 Kc7 53.Ke6 fxe4 54.fxe4 Nd6 55.e5  1-0

[Event "ch-HUN U20"]
[Site "Budapest HUN"]
[Date "2004.04.11"]
[Round "7"]
[White "Leviczki,T"]
[Black "Koczo,K"]
[Result "1-0"]
[WhiteElo "2251"]
[BlackElo "2192"]

1.d4 d5 2.c4 dxc4 3.Nf3 c5 4.d5 e6 5.Nc3 Nf6 6.e4 exd5 7.exd5 Bd6 8.Bxc4 O-O
9.O-O a6 10.a4 Bg4 11.h3 Bh5 12.Bg5 Nbd7 13.Be2 Qc7 14.Nd2 Bxe2 15.Qxe2 Rfe8
16.Qd3 Bh2+ 17.Kh1 Bf4 18.Bxf6 Nxf6 19.Nc4 Rad8 20.Rfe1 Bd6 21.a5 Re7 22.Rxe7 Qxe7
23.b3 Re8 24.g3 Qc7 25.Kg2 h5 26.Nb6 Qd8 27.Ra2 Nd7 28.Nxd7 Qxd7 29.Ne4 h4
30.Ng5 g6 31.Ne4 Qf5 32.Re2 Re5 33.Re3 Rxd5 34.Nf6+ Qxf6 35.Qxd5 hxg3 36.Rf3 Qe7
37.fxg3 Kg7 38.h4 Be5 39.Re3 f6 40.g4 Qc7 41.g5 Bd4 42.gxf6+ Bxf6 43.Qe4 Qd7
44.Rg3 Qf7 45.h5 g5 46.h6+ Kh8 47.Qf5 Qe7 48.Rf3 Bd4 49.Kh3 Kg8 50.Kg4 Kh8
51.Qf8+ Qxf8 52.Rxf8+ Kh7 53.Kh5 c4 54.Rf7+ Kg8 55.Kg6 Bc5 56.Rc7  1-0

[Event "It"]
[Site "Indjija SCG"]
[Date "2004.04.15"]
[Round "5"]
[White "Indjic,D"]
[Black "Kizov,A"]
[Result "0-1"]
[WhiteElo "2343"]
[BlackElo "2345"]

1.d4 d5 2.c4 dxc4 3.Nf3 c5 4.d5 e6 5.e4 exd5 6.exd5 a6 7.a4 Nf6 8.Bxc4 Bd6
9.O-O O-O 10.Nc3 Bg4 11.h3 Bxf3 12.Qxf3 Nbd7 13.Qd1 Qc7 14.Be3 Rfe8 15.Qc2 Re7
16.Rad1 Rae8 17.Bg5 h6 18.Bh4 Re5 19.Ba2 Rh5 20.Bxf6 Nxf6 21.Bb1 Qe7 22.Rd3 Re5
23.Rf3 g6 24.Qd2 Kg7 25.g3 Nh7 26.h4 Nf6 27.Kg2 h5 28.Rd1 Ng4 29.Qc2 f5 30.a5 Qc7
31.Qa4 R8e7 32.Qf4 Re3 33.Qa4 Rxf3 34.Kxf3 Re5 35.Kg2 Qe7 36.Qb3 Qc7 37.Bd3 Qe7
38.Qb6 f4 39.Rd2 fxg3 40.fxg3 Re3 41.Re2 Rxg3+ 42.Kf1 Qf6+ 43.Ke1 Rxd3 44.Ne4 Bg3+
45.Nxg3 Qxb6 46.axb6 Rxg3 47.Re7+ Kf6 48.Rxb7 Rb3 49.d6 Ne5 50.d7 Ke7 51.Rc7 Rxb6
52.Rxc5 Nd3+ 53.Ke2 Nxc5 54.b4 Rxb4 55.d8=Q+ Kxd8  0-1

[Event "29th Elekes Mem GM"]
[Site "Budapest HUN"]
[Date "2004.05.15"]
[Round "1"]
[White "Nagle,S"]
[Black "Danner,G"]
[Result "1/2-1/2"]
[WhiteElo "2375"]
[BlackElo "2393"]

1.Nf3 d5 2.d4 c5 3.c4 dxc4 4.d5 Nf6 5.Nc3 e6 6.e4 exd5 7.e5 d4 8.Bxc4 Ng4
9.Qb3 Qd7 10.h3 Nc6 11.hxg4 Na5 12.e6 fxe6 13.Qb5 Nxc4 14.Qxc4 dxc3 15.Qxc3 Qa4
16.Bg5 Qb4 17.Qxb4 cxb4 18.Ne5 Bd7 19.Ng6 Rg8 20.Rxh7 Bc6 21.Kd2 Bc5 22.Re1 Bd5
23.b3 Bd6 24.Bf4 Rd8 25.Ke3 Bxf4+ 26.Nxf4 Kf7 27.Nxd5 Rxd5 28.Rc1 Kg6 29.Rh5 Rgd8
30.Rxd5 Rxd5 31.f4 Kf6 32.g5+ Kf5 33.Rc7 e5 34.Rf7+ Kg6 35.Rxb7 exf4+ 36.Kxf4 Rf5+
37.Ke3 Rxg5 38.Rxb4 Kh5 39.Kf3 Rf5+ 40.Kg3 Rc5 41.Rd4 Kg5 42.Kf3 Kf5 43.Ra4 Rc3+
44.Ke2 Rc2+ 45.Kd3 Rc7  1/2-1/2

[Event "29th Elekes Mem IM"]
[Site "Budapest HUN"]
[Date "2004.05.16"]
[Round "2"]
[White "Lorincz,I"]
[Black "Boros,De"]
[Result "1/2-1/2"]
[WhiteElo "2337"]
[BlackElo "2408"]

1.Nf3 d5 2.d4 c5 3.c4 dxc4 4.e3 Nf6 5.Bxc4 e6 6.O-O a6 7.Qe2 b5 8.Bb3 Bb7
9.a4 b4 10.Nbd2 Nbd7 11.a5 Qc7 12.Nc4 Be7 13.Bd2 Bd5 14.Nfe5 cxd4 15.exd4 O-O
16.Rac1 Qb7 17.f3 Nxe5 18.dxe5 Nd7 19.Ba4 Rad8 20.Bxd7 Bxc4 21.Rxc4 Rxd7
22.Rg4 Rc8 23.Qe1 Qd5 24.Bxb4 Bxb4 25.Rxb4 Qxa5 26.h3 g6 27.Kh2 Rd5 28.f4 Rb5
29.Rxb5 Qxe1 30.Rxe1 axb5 31.Re4 h5 32.Rb4 Rc5 33.Kg3 Kf8 34.Kh4 Rd5  1/2-1/2

[Event "5th IECC"]
[Site "Antalya TUR"]
[Date "2004.05.21"]
[Round "6"]
[White "Goksel,D"]
[Black "Erdogan,H"]
[Result "0-1"]
[WhiteElo "2130"]
[BlackElo "2252"]

1.Nf3 d5 2.d4 c5 3.c4 dxc4 4.dxc5 Nf6 5.Nd4 Nd5 6.e4 Nf6 7.Nc3 e5 8.Ndb5 a6
9.Qxd8+ Kxd8 10.Na3 b5 11.Nc2 b4 12.Nd5 Nxd5 13.exd5 Bb7 14.Bxc4 Nd7 15.Ne3 Nb6
16.Bb3 a5 17.a4 Ba6 18.Bd2 Rc8 19.f3 Bxc5 20.Rc1 Kd7 21.Bc2 g6 22.g4 Rc7
23.b3 Bxe3 24.Bxe3 Nxd5 25.Bh6 Rhc8 26.Kd2 Rc3 27.Be4 Nf6 28.Rxc3 Rxc3 29.Bc2 Rxf3
30.Be3 Nd5 31.Ba7 Rh3 32.Be4 Nf6 33.Bc2 Nxg4 34.Bb6 Nxh2 35.Be4 f5 36.Bg2 Rh4
37.Bxa5 f4 38.Ba8 f3 39.Bb6 Nf1+ 40.Rxf1 Bxf1 41.Bxf3 e4 42.Bd1 Kc6 43.a5 Bd3
44.Ke3 h5  0-1

[Event "CCA/ICC"]
[Site "Stratton Mt USA"]
[Date "2004.06.09"]
[Round "2"]
[White "Winer,S"]
[Black "Figler,I"]
[Result "1-0"]
[WhiteElo "2335"]
[BlackElo "2327"]

1.d4 d5 2.c4 dxc4 3.Nf3 a6 4.e3 c5 5.Bxc4 Nf6 6.O-O Nc6 7.dxc5 Qxd1 8.Rxd1 e6
9.Nd4 Ne5 10.Be2 Bxc5 11.b3 Bd7 12.Bb2 Nc6 13.Nf3 Ke7 14.Nbd2 Rhd8 15.Rac1 Bb4
16.Nc4 Be8 17.Nd4 Nxd4 18.Bxd4 Rac8 19.Bf3 b5 20.a3 e5 21.Nxe5 Bxa3 22.Rxc8 Rxc8
23.Nd3 a5 24.Ra1 b4 25.Bc5+ Ke6 26.Bb7 Rb8 27.Ba7 Rd8 28.Nc5+ Ke7 29.Bb6 Rd2
30.Bxa5 Bb5 31.Bf3 Rc2 32.Ne4 Nd7 33.Rd1 Ne5 34.Bd8+ Kf8 35.Bb6 Nxf3+ 36.gxf3 f5
37.Bc5+ Kf7 38.Nd6+ Ke6 39.Nb7 Be2 40.Rd6+ Kf7 41.Kg2 f4 42.Rd7+ Kg6 43.Bd4 fxe3
44.Rxg7+ Kh6 45.Nd6 Bd3 46.Nf7+ Kh5 47.Rg5+ Kh4 48.Rg4+ Kh5 49.Kg3 h6 50.Bxe3 Bf5
51.Ne5  1-0

[Event "II Young Stars of the World"]
[Site "Kirishi RUS"]
[Date "2004.06.19"]
[Round "2"]
[White "Matlakov,M"]
[Black "Lintchevski,D"]
[Result "1-0"]
[WhiteElo "2361"]
[BlackElo "2248"]

1.d4 d5 2.c4 dxc4 3.Nf3 a6 4.e3 Bg4 5.Bxc4 e6 6.Qb3 Bxf3 7.gxf3 Ra7 8.Bd2 Nf6
9.Nc3 Nbd7 10.Be2 c5 11.d5 e5 12.a4 b6 13.O-O Bd6 14.Kh1 O-O 15.Rg1 Re8 16.Qd1 Nf8
17.Qf1 Qc8 18.Rd1 Ng6 19.b3 Kh8 20.Ne4 Nxe4 21.fxe4 Rf8 22.Qg2 f5 23.Bh5 Nh4
24.Qh3 Qd8 25.exf5 Rxf5 26.Bg4 Rf8 27.e4 g5 28.f4 gxf4 29.Be1 Be7 30.d6 Bg5
31.d7 Qf6 32.Bxh4 Bxh4 33.Bf5 Qe7 34.Rd6 Rf7 35.Qxh4  1-0

[Event "3rd Open"]
[Site "La Fere FRA"]
[Date "2004.07.05"]
[Round "3"]
[White "Bratanov,Z"]
[Black "Afek,Y"]
[Result "1/2-1/2"]
[WhiteElo "2432"]
[BlackElo "2325"]

1.d4 d5 2.Nf3 c5 3.c4 dxc4 4.d5 e6 5.Nc3 exd5 6.Qxd5 Qxd5 7.Nxd5 Na6 8.e4 Ne7
9.Ne3 Nc7 10.a4 Nc6 11.Bd2 f6 12.Bxc4 Be6 13.Bc3 Bxc4 14.Nxc4 O-O-O 15.O-O Be7
16.Rfd1 Rxd1+ 17.Rxd1 Rd8 18.Rxd8+ Kxd8 19.Kf1  1/2-1/2

[Event "ACT Open"]
[Site "Amsterdam NED"]
[Date "2004.07.20"]
[Round "4"]
[White "Krasenkova,I"]
[Black "Afek,Y"]
[Result "1/2-1/2"]
[WhiteElo "2210"]
[BlackElo "2325"]

1.d4 d5 2.c4 dxc4 3.Nf3 c5 4.Nc3 cxd4 5.Qxd4 Qxd4 6.Nxd4 Nf6 7.Ndb5 Kd8 8.Bf4 a6
9.Nc7 Ra7 10.Be3 b6 11.N7d5 Rb7 12.Bxb6+ Ke8 13.O-O-O Nxd5 14.Nxd5 f6 15.Bd4 e6
16.Ne3 e5 17.Bc3 Be6 18.g3 Bc5 19.Bg2 Bxe3+ 20.fxe3 Rd7 21.Rxd7 Nxd7 22.Rd1 Ke7
23.Bb4+ Kf7 24.Rd6 Rb8 25.a3 Rb6 26.Rxb6 Nxb6 27.Bb7 Bc8 28.Bxc8 Nxc8 29.Kd2 Ke6
30.e4 Nb6 31.Kc3 Kd7 32.Ba5 Na4+ 33.Kxc4 Kc6 34.b3 Nc5 35.Bb4 Nxe4 36.Bf8 g5
37.Kd3 f5 38.a4 Nf2+ 39.Kc4 Ng4 40.b4 Nxh2 41.b5+ axb5+ 42.axb5+ Kb7 43.Bc5 Nf1
44.Bf2 f4 45.gxf4 exf4 46.Kd3 Ng3 47.e4 h5 48.e5 Nf5 49.Ke4 Ng7 50.Bg1 Kc7
51.Bf2 Ne6 52.Kf5 h4 53.Kg4  1/2-1/2

[Event "MTO"]
[Site "Biel SUI"]
[Date "2004.07.22"]
[Round "4"]
[White "Cebalo,M"]
[Black "Raetsky,A"]
[Result "1-0"]
[WhiteElo "2527"]
[BlackElo "2399"]

1.d4 d5 2.c4 dxc4 3.Nf3 a6 4.e3 Bg4 5.Bxc4 e6 6.h3 Bh5 7.O-O Nf6 8.Be2 Nc6
9.b3 Bd6 10.Bb2 O-O 11.Nbd2 Bg6 12.Nc4 Qe7 13.Rc1 Rfd8 14.Nh4 Be4 15.f3 Bg6
16.Nxg6 hxg6 17.f4 e5 18.fxe5 Bxe5 19.Bf3 Bd6 20.Bxc6 bxc6 21.Qf3 Ne4 22.Rc2 a5
23.a4 f5 24.Bc3 Re8 25.Bxa5 Reb8 26.Rb1 Qe6 27.Qd1 g5 28.Be1 g4 29.a5 Qh6
30.Qe2 gxh3 31.gxh3 Qxh3 32.Qg2 Qh6  1-0

[Event "ch-ESP Abierto"]
[Site "Seville ESP"]
[Date "2004.08.18"]
[Round "6"]
[White "Jaime Montalvan,L"]
[Black "Mellado Trivino,J"]
[Result "0-1"]
[WhiteElo "2239"]
[BlackElo "2450"]

1.d4 d5 2.Nf3 c5 3.c4 dxc4 4.e3 cxd4 5.exd4 Be6 6.Na3 Nc6 7.Nxc4 Nf6 8.Be2 Bd5
9.O-O e6 10.Bf4 Be7 11.Be5 O-O 12.Qd2 Rc8 13.Qf4 Ne4 14.Qe3 b5 15.Ncd2 Nxd2
16.Nxd2 Bg5 17.f4 Be7 18.f5 Nxe5 19.Qxe5 Rc2 20.Rad1 Rxb2 21.fxe6 fxe6 22.Rxf8+ Bxf8
23.Rf1 Rxd2 24.Qf4 Bb4  0-1

[Event "Knjaz Milos Jezero Open"]
[Site "Belgrade SCG"]
[Date "2004.08.21"]
[Round "5"]
[White "Lapcevic,M"]
[Black "Cvetkovic,N"]
[Result "0-1"]
[WhiteElo "2205"]
[BlackElo "2033"]

1.d4 d5 2.c4 dxc4 3.Nf3 c5 4.e3 Bg4 5.Bxc4 e6 6.Qa4+ Nd7 7.Ne5 Nf6 8.Nxg4 Nxg4
9.h3 Nf6 10.O-O cxd4 11.exd4 Bd6 12.Qb3 Nb6 13.Bb5+ Nfd7 14.Nc3 O-O 15.a4 Nf6
16.Bg5 h6 17.Bxf6 Qxf6 18.a5 Nc8 19.d5 Qe5 20.f4 Qe3+ 21.Kh1 Bxf4 22.Rf3 Qe5
23.Raf1 g5 24.dxe6 Nd6 25.exf7+ Kg7 26.Be8 Nf5 27.Nd5 Nd4 28.Qd3 Qxd5 29.Rxf4 gxf4
30.Rxf4 Rd8 31.Rg4+ Kf6 32.Qg6+ Ke7 33.Re4+ Ne6 34.Re1 Rd6 35.Qxh6 Kd8 36.Qf6+ Kc8
37.Qe7 Rh8 38.Rc1+ Kb8 39.Rc3 a6 40.b4 Qe5 41.Rc1  0-1

[Event "SLO vs NED Juniors"]
[Site "Maribor SLO"]
[Date "2004.09.17"]
[Round "1"]
[White "Janssen,R"]
[Black "Sermek,D"]
[Result "1/2-1/2"]
[WhiteElo "2484"]
[BlackElo "2547"]


1.d4 d5 2.c4 dxc4 3.Nf3 c5 4.d5 e6 5.Nc3 a6 6.e4 b5 7.a4 b4 8.dxe6 Qxd1+
9.Nxd1 Bxe6 10.Ng5 Nc6 11.Nxe6 fxe6 12.Bxc4 Nd4 13.O-O Ne7 14.Be3 Nec6 15.Bxd4 Nxd4
16.Ne3 g5 17.g3 Ke7 18.Kg2 h5 19.f3 Bg7 20.Rf2 h4 21.Rd1 hxg3 22.hxg3 Rh7
23.Rh1 Rxh1 24.Kxh1 Rh8+ 25.Kg2 a5 26.Ng4 Nc6  1/2-1/2

[Event "GM Classic"]
[Site "Gausdal NOR"]
[Date "2004.09.30"]
[Round "8"]
[White "Lugovoi,A"]
[Black "Groenn,A"]
[Result "1/2-1/2"]
[WhiteElo "2540"]
[BlackElo "2409"]

1.d4 d5 2.c4 dxc4 3.Nf3 a6 4.e4 b5 5.Nc3 Bb7 6.a4 b4 7.Bxc4 e6 8.Qb3 Nc6
9.a5 Nxd4 10.Nxd4 Qxd4 11.Be3 Qd7 12.O-O Bd6 13.Na4 Nf6 14.f3 Qe7 15.Bd3 O-O
16.Rac1 Nd7 17.Qc2 f5 18.exf5 exf5 19.Bf4 Ne5 20.Rfe1 Kh8 21.Bxf5 Qh4 22.Bxe5 Bxe5
23.h3 Bxf3 24.gxf3 Qg3+ 25.Qg2 Rxf5 26.Re4 Qxg2+ 27.Kxg2 Bd6 28.Rec4 Rxa5
29.Nc5 Bxc5 30.Rxc5 Rxc5 31.Rxc5 a5 32.b3 Ra7 33.Kf2 Kg8 34.Ke3 Kf7 35.Kd4 Ke6
36.Kc4 Kd6 37.Rd5+ Kc6 38.Rg5 g6 39.h4 Ra8 40.h5 gxh5 41.Rxh5 Rf8 42.Rh6+ Kb7
43.Kb5 Rxf3 44.Ka4 Rc3 45.Rxh7 Kb6 46.Rh5 c6 47.Rg5 c5 48.Rg6+ Kb7 49.Rb6+ Kc7
50.Rb5 Rc1 51.Rxc5+ Rxc5  1/2-1/2

[Event "YM"]
[Site "Winterthur SUI"]
[Date "2004.10.02"]
[Round "2"]
[White "Kuemin,S"]
[Black "Benkovic,P"]
[Result "1/2-1/2"]
[WhiteElo "2392"]
[BlackElo "2430"]

1.d4 d5 2.c4 dxc4 3.Nf3 c5 4.e3 cxd4 5.Bxc4 Qc7 6.Bb3 dxe3 7.Bxe3 e6 8.Nc3 Bd7
9.O-O Nf6 10.Rc1 Qa5 11.Bg5 Be7 12.Bxf6 gxf6 13.Ne4 Qb6 14.Qd2 Bc6 15.Nd6+ Bxd6
16.Qxd6 Qd8 17.Qg3 Kf8 18.Rfd1 Qe7 19.Qh4 h5 20.Nd4 a5 21.Re1 Bd7 22.Nf5 Qd8
23.Nd6 b6 24.Rcd1 Nc6 25.Ne4 Rh6 26.Qf4 Rg6 27.Qd6+ Ke8 28.Ba4 Rc8 29.Qa3 Rc7
30.Bxc6 Rxc6 31.Nd6+ Kf8 32.Nb7+ Qe7 33.Rxd7 Qxa3 34.bxa3 Rc3 35.Rd2 Rxa3
36.Nd6 Rg4 37.f3 Rga4 38.Ree2 Rb4 39.Ne4 f5 40.Ng3 h4 41.Nf1 h3 42.Re3 Rxe3
43.Nxe3 Rb1+ 44.Kf2 hxg2 45.Nxg2 b5 46.Nf4 Kg7 47.Nd3 b4 48.Rb2 Rh1 49.Ke3 Kf6
50.f4 Ke7 51.Rc2 f6 52.Rc5 a4 53.Nxb4 Rxh2 54.Rc2 Rh3+ 55.Kd4 Rh4 56.Nd3 Kd6
57.Rc4 e5+ 58.Ke3 Rh3+ 59.Ke2 e4 60.Nb4 Kd7 61.Nc2 a3 62.Ra4 Rh2+ 63.Kd1 Rh1+
64.Kd2 Rh2+ 65.Kc3 Rh3+ 66.Kd4 Rh2 67.Nb4 Rb2 68.Kc4 Rf2 69.Rxa3 Rxf4 70.Ra7+ Kc8
71.Nd5 Rf1 72.Nxf6 e3 73.Kd3 f4 74.Ne4 Ra1 75.Rf7 Rxa2 76.Rxf4 e2 77.Nd6+ Kd7
78.Re4 Ra4 79.Kd2 Ra2+  1/2-1/2

[Event "V Open"]
[Site "Sauzal ESP"]
[Date "2004.11.06"]
[Round "2"]
[White "Martin,Joe"]
[Black "Cifuentes Parada,R"]
[Result "0-1"]
[WhiteElo "2047"]
[BlackElo "2540"]

1.d4 d5 2.Nf3 c5 3.c4 dxc4 4.d5 e6 5.Nc3 Nf6 6.dxe6 Qxd1+ 7.Kxd1 Bxe6 8.e4 Nc6
9.Ng5 O-O-O+ 10.Bd2 Ng4 11.Nh3 g6 12.f4 Bg7 13.Kc1 Rd7 14.Nd5 Bxd5 15.exd5 Rxd5
16.Bxc4 Bxb2+ 17.Kc2 Rxd2+ 18.Kxd2 Rd8+ 19.Ke2 Nd4+  0-1

[Event "Open"]
[Site "Calcutta IND"]
[Date "2004.11.10"]
[Round "4"]
[White "Sandipan,C"]
[Black "Murshed,N"]
[Result "1-0"]
[WhiteElo "2543"]
[BlackElo "2468"]

1.d4 d5 2.c4 dxc4 3.Nf3 a6 4.e3 Nf6 5.Bxc4 e6 6.O-O b5 7.Bd3 Bb7 8.a4 b4
9.Re1 c5 10.e4 c4 11.Bxc4 Bxe4 12.Bg5 Bd5 13.Qb3 Be7 14.Bxf6 Bxc4 15.Qxc4 gxf6
16.Nbd2 Ra7 17.d5 Qxd5 18.Qg4 Nd7 19.Rac1 Ra8 20.Nc4 f5 21.Qg3 Rd8 22.Red1 Qe4
23.Nd6+ Bxd6 24.Qxd6  1-0

[Event "Acropolis WGM Open"]
[Site "Athens GRE"]
[Date "2004.11.17"]
[Round "2"]
[White "Baloutsou,V"]
[Black "Krivec,J"]
[Result "0-1"]
[WhiteElo "2045"]
[BlackElo "2214"]

1.Nf3 d5 2.d4 c5 3.c4 dxc4 4.e4 cxd4 5.Qxd4 Bd7 6.Bxc4 Nc6 7.Qd3 Qc7 8.O-O Rd8
9.Qc3 e6 10.Bg5 f6 11.Bh4 Bd6 12.Rd1 Ne5 13.Be2 Nxf3+ 14.Bxf3 Bxh2+ 15.Kh1 Qxc3
16.Nxc3 Be5 17.Rd3 h5 18.Rad1 Ne7 19.Nb5 Ng6 20.Bg3 Bxg3 21.fxg3 Ne5 22.Nd6+ Ke7
23.R3d2 Bc6 24.b3 b5 25.Be2 a6 26.Kg1 Rd7 27.a4 Rhd8 28.axb5 axb5 29.Nf5+ exf5
30.Rxd7+ Rxd7 31.Rxd7+ Nxd7 32.exf5 Nc5 33.Bxh5 Nxb3 34.Bd1 Nd4 35.g4 b4
36.Kf2 b3  0-1

[Event "17th Belgrade Trophy"]
[Site "Obrenovac SCG"]
[Date "2004.11.30"]
[Round "9"]
[White "Raicevic,V1"]
[Black "Kizov,A"]
[Result "1/2-1/2"]
[WhiteElo "2461"]
[BlackElo "2355"]

1.d4 d5 2.c4 dxc4 3.Nf3 c5 4.d5 e6 5.e4 exd5 6.exd5 a6 7.a4 Nf6 8.Bxc4 Bd6
9.O-O O-O 10.h3 h6 11.Nc3 Bf5 12.Re1 Nbd7 13.Bd3 Bxd3 14.Qxd3 Qc7 15.Be3 Rfe8
16.a5 c4 17.Qd4 Ne5 18.Nd2 Rac8 19.Nde4 Nxe4 20.Nxe4 Nd3 21.Nxd6 Qxd6 22.Red1 Red8
23.b3 Qxd5 24.Qxd5 Rxd5 25.bxc4 Rxc4 26.Rab1  1/2-1/2

[Event "It"]
[Site "Subotica SCG"]
[Date "2004.12.14"]
[Round "6"]
[White "Jesenski,T"]
[Black "Kizov,A"]
[Result "1/2-1/2"]
[WhiteElo "2287"]
[BlackElo "2355"]

1.d4 d5 2.c4 dxc4 3.Nf3 c5 4.e3 cxd4 5.Bxc4 Qc7 6.Qb3 e6 7.exd4 Nf6 8.O-O Nc6
9.Nc3 a6 10.Qd1 Be7 11.Qe2 O-O 12.Rd1 b5 13.Bd3 Nb4 14.Bb1 Bb7 15.Bg5 Nbd5
16.Ne4 Rac8 17.Ne5 Nxe4 18.Bxe7 Nxe7 19.Bxe4 Bxe4 20.Qxe4 Rfd8 21.h3 h6 22.Rac1 Qxc1
23.Rxc1 Rxc1+ 24.Kh2 Nd5 25.Qf3 Rc7 26.Qa3 Ra8 27.Qd6 Rc2 28.Nd3 Rd2 29.Nc5 Rxf2
30.Nxe6 fxe6 31.Qxe6+ Kh8 32.Qxd5 Re8 33.Qd7 Ree2 34.Kh1 Rf6 35.d5 Kh7 36.Qg4 Rxb2
37.Qe4+ Kg8 38.Qe8+ Kh7 39.Qe4+ Kg8 40.Qe8+ Rf8 41.Qe6+ Kh8 42.Qxa6 Rd8 43.Qa5 Rd6
44.Qa3 Rb1+ 45.Kh2 b4 46.Qf3 Rd8 47.Qe2 b3 48.axb3 Rxb3 49.Qe7 Rbb8 50.d6 Re8
51.Qc7 Rec8 52.Qe7 Re8 53.Qc7 Rec8  1/2-1/2

[Event "13th Donau Open"]
[Site "Aschach AUT"]
[Date "2004.12.26"]
[Round "1"]
[White "Froehlich,P"]
[Black "De Andres Gonalons,F"]
[Result "1-0"]
[WhiteElo "2390"]
[BlackElo "2100"]

1.d4 d5 2.c4 dxc4 3.Nf3 c5 4.e3 Nf6 5.Bxc4 e6 6.O-O a6 7.a4 Nc6 8.Qe2 Qc7
9.Nc3 Bd6 10.h3 O-O 11.Rd1 e5 12.dxe5 Nxe5 13.Nd5 Nxd5 14.Bxd5 Qe7 15.e4 Nxf3+
16.Qxf3 Be5 17.Rb1 Be6 18.Be3 Bxd5 19.Rxd5 Rac8 20.Qf5 Rfe8 21.Rd7 Qf6 22.Rxb7 Qxf5
23.exf5 c4 24.Rc1 Rc6 25.g4 h6 26.Rd1 Rec8 27.Rd5 Bd6 28.Bd4 Re8 29.Kf1 Re7
30.Rxe7 Bxe7 31.Ke2 Bg5 32.Rc5 Rxc5 33.Bxc5 Bf6 34.Ba3 Bd4 35.Kf3 Kh7 36.Ke4 Bxf2
37.Kd5 c3 38.bxc3  1-0

[Event "Czech Christmas"]
[Site "Litomysl CZE"]
[Date "2004.12.27"]
[Round "2"]
[White "Bernasek,J"]
[Black "Valenta,V jr"]
[Result "1-0"]
[WhiteElo "2384"]
[BlackElo "2164"]

1.d4 d5 2.c4 dxc4 3.Nf3 c5 4.d5 Nf6 5.Nc3 e6 6.e4 exd5 7.exd5 Nbd7 8.d6 Nb6
9.Bf4 Be6 10.Ng5 Nfd5 11.Nxe6 fxe6 12.Qh5+ g6 13.Qe5 Qf6 14.Nxd5 Nxd5 15.Qxf6 Nxf6
16.Bxc4 Nd5 17.Be5 Rg8 18.O-O-O Bh6+ 19.Kb1 Kd7 20.Bb5+ Kd8 21.Rhe1 a6 22.Be2 Rf8
23.Bg4 Rxf2 24.Bg3 Rf6 25.Rxe6 Rxe6 26.Bxe6 Ne3 27.Re1 b5 28.Be5 Bg5 29.Rxe3  1-0

[Event "13th Donau Open"]
[Site "Aschach AUT"]
[Date "2004.12.28"]
[Round "4"]
[White "Leichtfried,H"]
[Black "Wiesinger,R"]
[Result "0-1"]
[WhiteElo "2122"]
[BlackElo "2255"]

1.d4 d5 2.c4 dxc4 3.Nf3 a6 4.a4 Nf6 5.e3 Bg4 6.Bxc4 e6 7.Nbd2 c5 8.h3 Bh5
9.dxc5 Bxc5 10.O-O Nc6 11.Be2 O-O 12.Ng5 Bg6 13.Bf3 Nd5 14.Nb3 Ba7 15.Bxd5 exd5
16.Nf3 Bh5 17.Bd2 Ne5 18.g4 Nxf3+ 19.Qxf3 Bg6 20.Bc3 f5 21.Rad1 fxg4 22.Qxd5+ Qxd5
23.Rxd5 gxh3 24.Nc5 Rad8 25.Rfd1 Rxd5 26.Rxd5 h2+ 27.Kxh2 Rxf2+ 28.Kg3 Rf5
29.Rd8+ Kf7 30.Nxb7 Ke7 31.Bb4+ Ke6 32.Rd6+ Ke5 33.Bc3+ Ke4  0-1

[Event "10th HIT Open A"]
[Site "Nova Gorica SLO"]
[Date "2005.02.01"]
[Round "7"]
[White "De Val,D"]
[Black "Krivec,J"]
[Result "0-1"]
[WhiteElo "2144"]
[BlackElo "2284"]

1.d4 d5 2.c4 dxc4 3.Nf3 c5 4.e3 cxd4 5.Bxc4 Qc7 6.Qb3 e6 7.exd4 Nf6 8.O-O Be7
9.Nc3 Nc6 10.Qd1 a6 11.Qe2 O-O 12.Rd1 b5 13.Bb3 Bb7 14.Bg5 Na5 15.Bc2 Bxf3
16.Qxf3 b4 17.Bxf6 Bxf6 18.Qd3 g6 19.Ne4 Bg7 20.Rac1 Rfd8 21.Qf3 Qe7 22.Nc5 Ra7
23.a3 bxa3 24.b4 Nc4 25.Bb3 Nb2 26.Re1 Qf6 27.Qh3 Qf5 28.Qg3 Bxd4 29.Nxe6 Bxf2+
30.Qxf2 Qxf2+ 31.Kxf2 Nd3+ 32.Kg1 Nxc1 33.Nxd8 Nxb3 34.Nc6 Rc7 35.Na5 Rc1  0-1

[Event "Oceania zt"]
[Site "Auckland NZL"]
[Date "2005.02.03"]
[Round "8"]
[White "Thornton,G"]
[Black "Hair,P"]
[Result "1-0"]
[WhiteElo "1995"]
[BlackElo "2036"]

1.d4 d5 2.c4 dxc4 3.Nf3 a6 4.a4 Nc6 5.e3 Bg4 6.Bxc4 e6 7.O-O Nf6 8.Nc3 Bd6
9.Be2 O-O 10.h3 Bf5 11.Bd3 Bxd3 12.Qxd3 e5 13.d5 Ne7 14.e4 Nd7 15.Rb1 a5
16.Be3 f5 17.exf5 Nxf5 18.Ng5 Nxe3 19.Qxh7+  1-0

[Event "Sozina Open"]
[Site "Bar SCG"]
[Date "2005.03.09"]
[Round "6"]
[White "Malakhatko,V"]
[Black "Kizov,A"]
[Result "1/2-1/2"]
[WhiteElo "2569"]
[BlackElo "2360"]

1.d4 d5 2.c4 dxc4 3.Nf3 c5 4.d5 e6 5.Nc3 exd5 6.Qxd5 Qxd5 7.Nxd5 Bd6 8.Nd2 Nc6
9.Nxc4 Bb8 10.e4 Nd4 11.Bd3 Ne7 12.Be3 Be6 13.Bxd4 cxd4 14.Nxe7 Kxe7 15.Nd2 Rc8
16.Ke2 g5 17.Nf3 Bg4 18.h3 Bxf3+ 19.Kxf3 h5 20.g3 Be5 21.Rac1 a6 22.Rhf1 Rxc1
23.Rxc1 Kd6 24.a3 f6 25.Rc2 b5 26.Rc1 Rb8 27.Ke2 Kd7 28.Rf1 Rg8 29.Kf3 Rc8
30.Ra1 Rb8 31.Ke2 Bd6 32.Bc2 Be5 33.Bd3 Bd6 34.Rh1 Be5 35.h4 g4 36.Ra1 Bd6
37.Kd1 a5 38.Kd2 Bc5 39.Rf1 Bd6 40.Rc1 a4 41.Bc2 Ke7 42.Ra1 Be5 43.Kd3 Kd6
44.Bd1 Rc8 45.Be2 Rb8 46.Bd1 Rc8 47.Bc2 Rb8 48.Kd2 d3 49.Bxd3 Bxb2 50.Rb1 Bxa3
51.Rxb5 Rxb5 52.Bxb5 Bc5 53.Bxa4 Bxf2 54.Be8  1/2-1/2

[Event "Sozina Open"]
[Site "Bar SCG"]
[Date "2005.03.10"]
[Round "7"]
[White "Milanovic,Da"]
[Black "Krivokapic,M"]
[Result "1/2-1/2"]
[WhiteElo "2447"]
[BlackElo "2330"]

1.d4 d5 2.c4 dxc4 3.Nf3 c5 4.d5 Nf6 5.Nc3 e6 6.e4 exd5 7.e5 Nfd7 8.Qxd5 Nb6
9.Qxd8+ Kxd8 10.Bg5+ Be7 11.O-O-O+ N8d7 12.Bf4 h6 13.h4 a6 14.a4 a5 15.Nb5 Rf8
16.g3 Nxa4 17.Bxc4 Nb6 18.Be2 c4 19.e6 fxe6 20.Nc7 Rxf4 21.Nxa8 Rxf3 22.Nxb6 Rf6
23.Bxc4 Kc7 24.Nxc8 Kxc8 25.Rhe1 Nc5 26.f4 Kc7 27.Re3 Bd6 28.Kc2 g5 29.fxg5 hxg5
30.h5 Kc6 31.Rh1 Rh6 32.Be2 e5 33.Bf3+ e4 34.Bxe4+ Nxe4 35.Rxe4 Bxg3 36.Re8 Bh4
37.Rg8 Rxh5  1/2-1/2

[Event "ch-DEN KO"]
[Site "Koege DEN"]
[Date "2005.03.20"]
[Round "1.1"]
[White "Pedersen,Stef"]
[Black "Hansen,Cu"]
[Result "1/2-1/2"]
[WhiteElo "2408"]
[BlackElo "2633"]

1.d4 d5 2.c4 dxc4 3.Nf3 a6 4.e3 Bg4 5.Bxc4 e6 6.h3 Bh5 7.Be2 Nc6 8.O-O Nf6
9.b3 Bd6 10.Bb2 O-O 11.Nc3 Qe7 12.Ne5 Bxe2 13.Nxc6 Bxd1 14.Nxe7+ Bxe7 15.Rfxd1  1/2-1/2

[Event "Spring Festival"]
[Site "Budapest HUN"]
[Date "2005.03.21"]
[Round "4"]
[White "Nguyen Ngoc Truongson"]
[Black "Lengyel,B"]
[Result "1-0"]
[WhiteElo "2520"]
[BlackElo "2313"]

1.d4 d5 2.c4 dxc4 3.Nf3 a6 4.e3 Bg4 5.Bxc4 e6 6.a4 Nc6 7.O-O Nf6 8.Bd2 Bd6
9.Bc3 O-O 10.Nbd2 Qe7 11.Be2 Rad8 12.h3 Bh5 13.Re1 Nd5 14.Qb3 Rb8 15.e4 Nxc3
16.bxc3 Bf4 17.g3 Bxd2 18.Nxd2 Bxe2 19.Rxe2 Rfd8 20.a5 Qg5 21.Nf3 Qh5 22.Kg2 Nxa5
23.Qa2 Nc6 24.Rb2 Na7 25.c4 Nc6 26.Rd2 Qg6 27.d5 exd5 28.exd5 Ne7 29.Re1 Qf6
30.Qa5 Ng6 31.Qxc7 Rbc8 32.Qxb7 Rb8 33.Qa7 Rb3 34.Re3 Rb1 35.Qd4 Qd6 36.c5 Qb8
37.c6  1-0

[Event "ch-RUS w 1st League"]
[Site "Samara RUS"]
[Date "2005.03.25"]
[Round "3"]
[White "Tomilova,E"]
[Black "Chistiakova,T"]
[Result "1/2-1/2"]
[WhiteElo "2263"]
[BlackElo "2310"]

1.d4 d5 2.c4 dxc4 3.Nf3 a6 4.a4 Nf6 5.e3 e6 6.Bxc4 c5 7.O-O Nc6 8.Qe2 cxd4
9.Rd1 Be7 10.exd4 O-O 11.Nc3 Nb4 12.Ne5 Bd7 13.d5 exd5 14.Nxd5 Nbxd5 15.Bxd5 Nxd5
16.Rxd5 Bg4 17.Rxd8 Bxe2 18.Rxa8 Rxa8 19.Bd2 Rd8 20.Bc3 f6 21.Re1 Rd1 22.Nd7 Kf7
23.Rxd1 Bxd1 24.a5 Ke6 25.Nb6 Be2 26.b4 Bd8 27.Bd4 Kd6 28.f3 Kc6 29.Kf2 Bd1
30.Ke3 Bb3 31.Bc5 Be6 32.Ke4 Bc7 33.f4 Kb5 34.g3 g5 35.fxg5 fxg5 36.Kf3 g4+
37.Ke4 h5 38.Be7 Bxb6 39.axb6 Kxb6 40.Ke5 Bf7 41.Kd4 Kb5 42.Kc3 a5 43.bxa5 Kxa5
44.Bf8 Kb5 45.Be7 Kc6 46.Kd4 Kd7 47.Bb4 Ke6 48.Ba3 Kf5  1/2-1/2

[Event "Alpress Cup"]
[Site "Frydek Mistek CZE"]
[Date "2005.03.26"]
[Round "6"]
[White "Zawierucha,A"]
[Black "Trombik,K"]
[Result "1/2-1/2"]
[WhiteElo "2075"]
[BlackElo "2254"]

1.d4 d5 2.c4 dxc4 3.Nf3 a6 4.e3 Nf6 5.Bxc4 b5 6.Be2 Bb7 7.O-O Nbd7 8.b3 e6
9.Bb2 Be7 10.Na3 O-O 11.Rc1 Rc8 12.Ne5 Nxe5 13.dxe5 Nd5 14.Nc2 c5 15.Ne1 Qb6
16.Nf3 Rfd8 17.Qc2 h6 18.Rfd1 Bc6 19.Ba3 Bb7 20.Bf1 Qa5 21.Bb2 Nb4 22.Rxd8+ Rxd8
23.Bc3 Qa3 24.Bxb4 Qxb4 25.Rd1 Qa5 26.Rxd8+ Qxd8 27.Be2 Qb8 28.Qc3 Qc7 29.h3 Bd5
30.Nd2 f6 31.exf6 Bxf6 32.Qc2 Qd6 33.Ne4 Bxe4 34.Qxe4 Qd5 35.Qd3  1/2-1/2